| 000 | 00475nam a2200181Ia 4500 | ||
|---|---|---|---|
| 008 | 240925s9999 xx 000 0 und d | ||
| 020 | _a9788131513996 | ||
| 082 | _a530.141 SHE | ||
| 100 | _aShen, Liang Chi | ||
| 245 | 0 | _aEngineering Electromagnetics | |
| 250 | _aNA | ||
| 260 |
_aNew Delhi: _bCengage Learning _c,2009. |
||
| 300 |
_axviii,822p. _b0 _fOriginal |
||
| 500 | _aIncludes Index | ||
| 600 | _aHumanities & Natural Science | ||
| 650 | _aPhysics | ||
| 942 | _cBK | ||
| 999 |
_c12512 _d12512 |
||